[Event "Niedersachsen-ch op-A"]
[Site "Verden"]
[Date "2015.01.04"]
[Round "6"]
[White "Patzelt, Nikolaus"]
[Black "Gerke, Florian"]
[Result "1-0"]
[WhiteElo "1876"]
[BlackElo "1742"]
[PlyCount "71"]
[EventDate "2015.01.02"]
[EventType "swiss"]
[EventRounds "7"]
[EventCountry "GER"]
[SourceTitle "EXT 2018"]
[Source "ChessBase"]
[SourceDate "2017.10.13"]
[SourceVersion "1"]
[SourceVersionDate "2017.10.13"]
[SourceQuality "1"]

1. d4 c5 2. d5 d6 3. c4 b5 4. Nf3 g6 5. cxb5 a6 6. b6 Nd7 7. Nc3 Nxb6 8. e4 Bg7 9. Nd2 Nf6 10. a4 a5 11. Bb5+ Bd7 12. 0-0 0-0 13. Qe2 Bxb5 14. axb5 Nfd7 15. Ra3 e6 16. dxe6 fxe6 17. Nc4 Nxc4 18. Qxc4 Qe7 19. Qa2 Bd4 20. Ne2 Bg7 21. Nf4 Rfe8 22. Rxa5 Rab8 23. Be3 Kh8 24. Rd1 Be5 25. Nd3 Bd4 26. Bxd4+ cxd4 27. Nb4 Qf6 28. Nc6 Rbc8 29. h3 e5 30. Rd3 Nc5 31. Rf3 Qh4 32. Ra7 Rf8 33. Rff7 Nxe4 34. Qe6 Rce8 35. Qd7 Nf6 36. Rxf8+ 1-0

[Event "Niedersachsen-ch op-A"]
[Site "Verden"]
[Date "2015.01.04"]
[Round "5"]
[White "Pietsch, David"]
[Black "Patzelt, Nikolaus"]
[Result "0-1"]
[WhiteElo "1753"]
[BlackElo "1876"]
[PlyCount "78"]
[EventDate "2015.01.02"]
[EventType "swiss"]
[EventRounds "7"]
[EventCountry "GER"]
[SourceTitle "EXT 2018"]
[Source "ChessBase"]
[SourceDate "2017.10.13"]
[SourceVersion "1"]
[SourceVersionDate "2017.10.13"]
[SourceQuality "1"]

1. d4 e6 2. c4 Nf6 3. Nc3 Bb4 4. Bd2 b6 5. Nf3 Bb7 6. e3 d6 7. Be2 Nbd7 8. 0-0 Bxc3 9. Bxc3 Ne4 10. Qc2 f5 11. Nd2 Qg5 12. f4 Qh4 13. Bf3 Ndf6 14. Nxe4 Bxe4 15. Bxe4 Nxe4 16. d5 0-0 17. Qd3 Rae8 18. Rf3 g5 19. fxg5 e5 20. Raf1 Qxg5 21. Rh3 Re7 22. Qe2 Rg7 23. Be1 Kh8 24. Rff3 Rfg8 25. Bg3 Qg4 26. Rh4 Qg5 27. Kf1 Nf6 28. Qf2 Ng4 29. Qe2 e4 30. Rxg4 exf3 31. gxf3 fxg4 32. f4 Qf6 33. Be1 Qf5 34. Bc3 Re8 35. Kf2 Kg8 36. Bxg7 Kxg7 37. b3 h5 38. Qb2+ Qf6 39. Qd2 Qh4+ 0-1

[Event "Niedersachsen-ch op-A"]
[Site "Verden"]
[Date "2015.01.02"]
[Round "2"]
[White "Patzelt, Nikolaus"]
[Black "Hupe, Henning"]
[Result "0-1"]
[WhiteElo "1876"]
[BlackElo "2014"]
[PlyCount "85"]
[EventDate "2015.01.02"]
[EventType "swiss"]
[EventRounds "7"]
[EventCountry "GER"]
[SourceTitle "EXT 2018"]
[Source "ChessBase"]
[SourceDate "2017.10.13"]
[SourceVersion "1"]
[SourceVersionDate "2017.10.13"]
[SourceQuality "1"]

1. d4 d5 2. c4 e6 3. Nc3 Nf6 4. cxd5 exd5 5. Bg5 c6 6. e3 Bf5 7. Be2 Be7 8. g4 Be6 9. f3 h5 10. Qb3 Qb6 11. Bxf6 Bxf6 12. Na4 Qxb3 13. axb3 Nd7 14. gxh5 Rxh5 15. Bd3 0-0-0 16. 0-0-0 Rdh8 17. Rd2 g5 18. Rg2 Be7 19. Ne2 Bd6 20. Ng3 Bxg3 21. Rxg3 f6 22. Rg2 Rh3 23. Rf2 Kd8 24. Kd2 Ke7 25. Nc3 f5 26. e4 fxe4 27. fxe4 Nf6 28. Rg2 dxe4 29. Nxe4 Nxe4+ 30. Bxe4 R8h4 31. Re2 Kd6 32. Kc1 Bxb3 33. Bf5 Rf3 34. Bc8 Rxd4 35. Bxb7 Rfd3 36. Ree1 Rd2 37. Ba6 Rc2+ 38. Kb1 Rdd2 39. Bc8 Rxb2+ 40. Ka1 Ra2+ 41. Kb1 Rdb2+ 42. Kc1 Rxh2 43. Rhg1 0-1

[Event "Karl Mala Memorial op 13th"]
[Site "Frankfurt"]
[Date "2010.07.11"]
[Round "6"]
[White "Patzelt, Nikolaus"]
[Black "Bonk, Andras"]
[Result "1-0"]
[WhiteElo "1868"]
[BlackElo "1859"]
[PlyCount "103"]
[EventDate "2010.07.08"]
[EventType "swiss"]
[EventRounds "7"]
[EventCountry "GER"]
[SourceTitle "EXT 2012"]
[Source "ChessBase"]
[SourceDate "2011.11.24"]
[SourceVersion "1"]
[SourceVersionDate "2011.11.24"]
[SourceQuality "1"]

1. d4 Nf6 2. c4 e6 3. Nc3 Bb4 4. e3 c5 5. a3 Bxc3+ 6. bxc3 d5 7. Nf3 dxc4 8. Bxc4 Bd7 9. 0-0 b5 10. Be2 a6 11. Ne5 Nc6 12. Nd3 Ne4 13. Bb2 c4 14. Nf4 Nf6 15. Nh5 Nxh5 16. Bxh5 Ne7 17. e4 Bc6 18. Re1 0-0 19. Qd2 Qc7 20. Bd1 Qb7 21. f3 a5 22. Qe2 Ng6 23. g3 Rfe8 24. a4 Reb8 25. axb5 Bxb5 26. Ba3 Qd7 27. Qa2 Ne7 28. Re2 Nc6 29. Bc5 a4 30. Rb2 Na5 31. Kf2 h6 32. Bb4 Nb3 33. Rab1 Ra6 34. Be2 Raa8 35. Rd1 Qa7 36. Ba3 e5 37. Bd6 Re8 38. Qa3 exd4 39. cxd4 Qa6 40. Bb4 Rac8 41. Bc3 Red8 42. d5 Qb6+ 43. Kg2 Qe3 44. Bd4 Qxd4 45. Rxd4 Nxd4 46. Qc3 Nxe2 47. Rxe2 Ra8 48. Rb2 Rab8 49. Qa5 Be8 50. Rc2 Bb5 51. Kf2 Rdc8 52. Ke3 1-0

[Event "Karl Mala Memorial op 13th"]
[Site "Frankfurt"]
[Date "2010.07.09"]
[Round "2"]
[White "Patzelt, Nikolaus"]
[Black "Wiewesiek, Timo"]
[Result "1-0"]
[WhiteElo "1868"]
[BlackElo "1543"]
[PlyCount "39"]
[EventDate "2010.07.08"]
[EventType "swiss"]
[EventRounds "7"]
[EventCountry "GER"]
[SourceTitle "EXT 2012"]
[Source "ChessBase"]
[SourceDate "2011.11.24"]
[SourceVersion "1"]
[SourceVersionDate "2011.11.24"]
[SourceQuality "1"]

1. d4 e6 2. c4 Nf6 3. Nc3 d5 4. cxd5 exd5 5. Bg5 c6 6. e3 Bf5 7. Qf3 Bg6 8. Bxf6 gxf6 9. a3 Bg7 10. Nge2 0-0 11. Ng3 Re8 12. Be2 Nd7 13. h4 Nb6 14. h5 Bc2 15. Rc1 Bb3 16. Qg4 Kh8 17. h6 Bf8 18. Nf5 Bc4 19. Rh3 Bxe2 20. Kxe2 1-0

[Event "Niedersachsen-ch U14"]
[Site "Rotenburg"]
[Date "2009.04.04"]
[Round "1"]
[White "Patzelt, Nikolaus"]
[Black "Wellnitz, Torben"]
[Result "0-1"]
[WhiteElo "1852"]
[BlackElo "1333"]
[PlyCount "114"]
[EventDate "2009.04.04"]
[EventType "swiss"]
[EventRounds "9"]
[EventCountry "GER"]
[SourceTitle "EXT 2010"]
[Source "ChessBase"]
[SourceDate "2010.11.25"]
[SourceVersion "1"]
[SourceVersionDate "2010.11.25"]
[SourceQuality "1"]

1. d4 d5 2. c4 e6 3. Nc3 Nf6 4. Bg5 Be7 5. Nf3 b6 6. e3 Bb7 7. Rc1 Nbd7 8. Bd3 dxc4 9. Bxc4 Ne4 10. Bxe7 Qxe7 11. Bd3 Nxc3 12. Rxc3 Rc8 13. Qc2 Nf6 14. Bb5+ Kf8 15. Bc6 Bxc6 16. Rxc6 g6 17. 0-0 Kg7 18. Rc1 Nd5 19. a3 Rhd8 20. Qc4 Qd7 21. Ne5 Qe8 22. Qa6 Ra8 23. g3 Rd6 24. e4 Ne7 25. Rxc7 Rxd4 26. Rxa7 Rxa7 27. Qxa7 Rxe4 28. Rc7 Re1+ 29. Kg2 Rxe5 30. Rxe7 Qc6+ 31. f3 Re2+ 32. Kh3 Qxf3 33. Qa4 Qg2+ 34. Kg4 Re4+ 35. Qxe4 Qxe4+ 36. Kh3 Kf6 37. Rc7 h5 38. b4 g5 39. Rc8 e5 40. Rh8 Kg6 41. Rg8+ Kf5 42. Rf8 f6 43. Rh8 Kg6 44. Rg8+ Kh7 45. Rf8 f5 46. Rf7+ Kg6 47. Re7 b5 48. Re6+ Kf7 49. Rb6 Qd5 50. Rh6 e4 51. Rh7+ Kg6 52. Re7 g4+ 53. Kg2 Qd2+ 54. Kf1 f4 55. a4 f3 56. Re6+ Kf5 57. Rb6 Qe2+ 0-1

[Event "Karl Mala Memorial op 11th"]
[Site "Frankfurt"]
[Date "2008.06.28"]
[Round "5"]
[White "Patzelt, Nikolaus"]
[Black "Nahler, Michael"]
[Result "1/2-1/2"]
[WhiteElo "1574"]
[BlackElo "1847"]
[PlyCount "86"]
[EventDate "2008.06.26"]
[EventType "swiss"]
[EventRounds "7"]
[EventCountry "GER"]
[SourceTitle "CBM 125 Extra"]
[Source "ChessBase"]
[SourceDate "2008.09.01"]
[SourceVersion "1"]
[SourceVersionDate "2008.09.01"]
[SourceQuality "1"]

1. d4 d5 2. c4 e6 3. Nc3 Be7 4. Nf3 Nf6 5. Bg5 0-0 6. e3 Nbd7 7. Rc1 c6 8. Bd3 dxc4 9. Bxc4 Nd5 10. Bxe7 Qxe7 11. 0-0 Nxc3 12. bxc3 e5 13. Re1 e4 14. Nd2 Nf6 15. f3 Bf5 16. g4 Bg6 17. f4 h6 18. h4 Nd5 19. g5 Kh8 20. Qg4 f5 21. Qe2 Qe8 22. Bxd5 cxd5 23. c4 Bh5 24. Qf2 Qa4 25. cxd5 Qxa2 26. Nxe4 Qxd5 27. Ng3 Bg4 28. Rc7 Rfc8 29. Rec1 Rxc7 30. Rxc7 a5 31. Qc2 a4 32. gxh6 gxh6 33. Rc8+ Rxc8 34. Qxc8+ Kh7 35. Qe8 a3 36. Qe7+ Kg6 37. Qxa3 Bh3 38. h5+ Kf7 39. Qb2 Qf3 40. Qf2 Qd1+ 41. Kh2 Bg4 42. Qa2+ Kf6 43. d5 Qc1 1/2-1/2

[Event "Niedersachsen-ch U14"]
[Site "Rotenburg"]
[Date "2008.03.20"]
[Round "9"]
[White "Wellnitz, Torben"]
[Black "Patzelt, Nikolaus"]
[Result "1/2-1/2"]
[WhiteElo "1370"]
[BlackElo "1506"]
[PlyCount "125"]
[EventDate "2008.03.15"]
[EventType "swiss"]
[EventRounds "9"]
[EventCountry "GER"]
[SourceTitle "EXT 2009"]
[Source "ChessBase"]
[SourceDate "2008.11.26"]
[SourceVersion "1"]
[SourceVersionDate "2008.11.26"]
[SourceQuality "1"]

1. e4 e6 2. d4 d5 3. Nc3 dxe4 4. Nxe4 Nd7 5. Nf3 Ngf6 6. Bd3 Nxe4 7. Bxe4 Nf6 8. Bd3 Be7 9. 0-0 0-0 10. c4 c5 11. Be3 cxd4 12. Nxd4 e5 13. Nb3 Be6 14. Qc2 Qc7 15. f4 exf4 16. Bxf4 Bd6 17. Bxd6 Qxd6 18. Rad1 Qb6+ 19. Qf2 Qxf2+ 20. Rxf2 Rac8 21. Rc1 Ng4 22. Rfc2 Rfd8 23. Be2 Rc7 24. h3 Ne5 25. Nd2 Rcd7 26. Nf3 Nd3 27. Rd1 Nf4 28. Rxd7 Nxe2+ 29. Rxe2 Rxd7 30. b3 h6 31. Kf2 Kf8 32. Ke3 Ke7 33. Nd4 Kf6 34. Rf2+ Ke5 35. Nxe6 Kxe6 36. Rd2 Rxd2 37. Kxd2 Ke5 38. Ke3 f5 39. g3 g5 40. b4 b6 41. a4 a6 42. b5 axb5 43. cxb5 Kd5 44. Kd3 Kc5 45. Kc3 f4 46. gxf4 gxf4 47. h4 f3 48. Kd3 Kb4 49. Ke3 Kxa4 50. Kxf3 Kxb5 51. Kg4 Ka5 52. Kh5 b5 53. Kxh6 b4 54. Kg7 b3 55. h5 b2 56. h6 b1Q 57. h7 Qb7+ 58. Kg8 Qc8+ 59. Kg7 Qd7+ 60. Kg8 Qe8+ 61. Kg7 Qe7+ 62. Kg8 Qg5+ 63. Kh8 1/2-1/2

[Event "Niedersachsen-ch U14"]
[Site "Rotenburg"]
[Date "2008.03.18"]
[Round "5"]
[White "Rieping, Heiner"]
[Black "Patzelt, Nikolaus"]
[Result "1-0"]
[WhiteElo "1717"]
[BlackElo "1506"]
[PlyCount "45"]
[EventDate "2008.03.15"]
[EventType "swiss"]
[EventRounds "9"]
[EventCountry "GER"]
[SourceTitle "EXT 2009"]
[Source "ChessBase"]
[SourceDate "2008.11.26"]
[SourceVersion "1"]
[SourceVersionDate "2008.11.26"]
[SourceQuality "1"]

1. d4 f5 2. e4 d6 3. Bd3 fxe4 4. Bxe4 Nf6 5. Nc3 g6 6. Qd3 Nxe4 7. Qxe4 Nc6 8. Nf3 Bf5 9. Qe2 Bg7 10. d5 Ne5 11. Nxe5 Bxe5 12. Bh6 Qd7 13. a3 Bxc3+ 14. bxc3 Qa4 15. 0-0 0-0-0 16. Rfb1 b6 17. Rb4 Qa5 18. Qc4 Kb8 19. Be3 Bc8 20. Ra4 b5 21. Rb1 Qb6 22. Bxb6 bxc4 23. Bxa7+ 1-0

[Event "Niedersachsen-ch"]
[Site "Verden"]
[Date "2008.01.06"]
[Round "7"]
[White "Vehmeyer, Thomas"]
[Black "Patzelt, Nikolaus"]
[Result "1-0"]
[WhiteElo "1949"]
[BlackElo "1446"]
[PlyCount "41"]
[EventDate "2008.01.03"]
[EventType "swiss"]
[EventRounds "7"]
[EventCountry "GER"]
[SourceTitle "EXT 2010"]
[Source "ChessBase"]
[SourceDate "2010.11.25"]
[SourceVersion "1"]
[SourceVersionDate "2010.11.25"]
[SourceQuality "1"]

1. e4 e6 2. d4 d5 3. exd5 exd5 4. c4 Nf6 5. Nf3 Be7 6. Nc3 0-0 7. Bd3 dxc4 8. Bxc4 Re8 9. 0-0 Bg4 10. Qb3 Bh5 11. Ne5 Rf8 12. Be3 b6 13. Nd5 c6 14. Nf4 Bd6 15. Nxh5 Bxe5 16. dxe5 Nxh5 17. Rad1 Qh4 18. g3 Qh3 19. Bxf7+ Kh8 20. Be6 Qxf1+ 21. Kxf1 1-0

[Event "Niedersachsen-ch U12"]
[Site "Rotenburg/Wuemme"]
[Date "2007.04.05"]
[Round "9"]
[White "Rethmann, Kristin"]
[Black "Patzelt, Nikolaus"]
[Result "0-1"]
[WhiteElo "1078"]
[BlackElo "1331"]
[PlyCount "120"]
[EventDate "2007.03.31"]
[EventType "swiss"]
[EventRounds "11"]
[EventCountry "GER"]
[SourceTitle "EXT 2008"]
[Source "ChessBase"]
[SourceDate "2007.11.25"]
[SourceVersion "1"]
[SourceVersionDate "2007.11.25"]
[SourceQuality "1"]

1. e4 b6 2. d4 Bb7 3. Nc3 e6 4. Bc4 c5 5. Nge2 Nf6 6. f3 Be7 7. Bf4 d6 8. Qd2 Nc6 9. 0-0-0 cxd4 10. Nxd4 Nxd4 11. Qxd4 e5 12. Bb5+ Kf8 13. Bxe5 dxe5 14. Qxe5 Qc8 15. Rd2 Qc5 16. Qg3 g6 17. Kb1 Kg7 18. Rhd1 Rad8 19. a3 Nh5 20. Qe1 Rxd2 21. Rxd2 Rd8 22. g4 Nf4 23. Rxd8 Bxd8 24. Qd2 Bc7 25. Qd7 Qd6 26. Qe8 Qd8 27. Qxd8 Bxd8 28. Bc4 Ng2 29. Nb5 Ba6 30. Nd6 Bxc4 31. Nxc4 Bc7 32. e5 Kf8 33. Kc1 Ke7 34. Kd2 Ke6 35. Kc3 Nf4 36. Kb4 a6 37. a4 Nd5+ 38. Ka3 Bxe5 39. Nxe5 Kxe5 40. a5 b5 41. Kb3 Kf4 42. c4 bxc4+ 43. Kxc4 Nc7 44. Kc5 Kxf3 45. Kb6 Kxg4 46. Kxc7 f5 47. Kb6 f4 48. Kxa6 f3 49. Kb7 f2 50. a6 f1Q 51. a7 Qb5+ 52. Kc8 Qa6+ 53. Kb8 Qb6+ 54. Ka8 Qxb2 55. h3+ Kf3 56. h4 Qa3 57. h5 Qxa7+ 58. Kxa7 gxh5 59. Kb6 h4 60. Kc5 h3 0-1

[Event "Karl Mala Memorial op 10th"]
[Site "Griesheim"]
[Date "2006.07.22"]
[Round "5"]
[White "Patzelt, Nikolaus"]
[Black "Gramlich, Sebastian"]
[Result "0-1"]
[WhiteElo "1102"]
[BlackElo "2209"]
[PlyCount "120"]
[EventDate "2006.07.20"]
[EventType "swiss"]
[EventRounds "7"]
[EventCountry "GER"]
[SourceTitle "CBM 113 Extra"]
[Source "ChessBase"]
[SourceDate "2006.09.14"]
[SourceVersion "1"]
[SourceVersionDate "2006.09.14"]
[SourceQuality "1"]

1. d4 d5 2. c4 Nc6 3. Nc3 dxc4 4. e3 e5 5. Nf3 exd4 6. exd4 Bd6 7. Bxc4 Nf6 8. 0-0 0-0 9. Re1 Bg4 10. h3 Bxf3 11. Qxf3 Nxd4 12. Qd3 a6 13. Be3 c5 14. Kh1 b5 15. Bd5 Nxd5 16. Nxd5 Bb8 17. Nf4 Bxf4 18. Bxf4 Ne6 19. Qg3 Qf6 20. Be5 Qg6 21. Qc3 Rad8 22. Re3 Rd5 23. Rg3 Qh6 24. f4 f6 25. f5 Rxe5 26. fxe6 Re8 27. Rd1 R5xe6 28. Qxc5 Qf4 29. Qc3 Qf2 30. Rgd3 Re1+ 31. Rxe1 Qxe1+ 32. Qxe1 Rxe1+ 33. Kh2 Kf7 34. Rd7+ Re7 35. Rd6 Re6 36. Rd7+ Kg6 37. Kg3 h5 38. h4 a5 39. Ra7 a4 40. Rb7 Re5 41. a3 Re3+ 42. Kf4 Rb3 43. g3 Rxb2 44. Rb8 Rb3 45. Rb6 Rxa3 46. Rxb5 Rb3 47. Ra5 Rb4+ 48. Kf3 Rg4 49. Kf2 f5 50. Ra6+ Kf7 51. Kf3 Ke7 52. Ra5 g6 53. Ke3 Rxg3+ 54. Kf2 Rg4 55. Ra6 Kf7 56. Ra7+ Kf6 57. Ra6+ Kg7 58. Ra7+ Kh6 59. Ra8 Rxh4 60. Rh8+ Kg5 0-1